000 00732nam a2200265Ia 4500
001 Para_1889
003 CHAP
008 220125s1957 xx 000 0 und d
010 _a198750
040 _cCHAP
082 _aPA 589.2 S6
100 _aSnell, Walter H.
_9107229
245 _aA glossary of mycology /
_c por Walter H. Snell and Esther A. Dick
260 _aCambridge, Massachusetts :
_b Harvard University Press
300 _a171 p.
650 _aMicologĂ­a
_x diccionarios
_975478
700 _aDick, Esther A.
_932456
901 _aPA 589.2 S6
902 _aA
905 _a0000001957 0000000000 00
910 _a1957
942 _cPARA
942 _cPARA
_d1
999 _c198750
_d198750